| 000 | 00619nam a2200181 a 4500 | ||
|---|---|---|---|
| 005 | 20210223120651.0 | ||
| 008 | 991125s1977 mx 000 0 spa u | ||
| 035 | _aUPN01000005064 | ||
| 049 | _aCG | ||
| 050 | 4 |
_aHD5660 Y8 _bA328 |
|
| 100 | 1 | _aAdizes, Ichak | |
| 245 | 1 | 0 |
_aAutogestión : _bla práctica yugoslava : el efecto de la descentralización sobre los sistemas de educación / _cIchak Adizes ; tr. Nelly Wolf. |
| 260 |
_aMéxico : _bFCE, _c1977. |
||
| 300 | _a336 p. | ||
| 650 | 4 |
_aEDUCACION - _zYUGOSLAVIA _917113 |
|
| 650 | 4 |
_aPARTICIPACION DE LOS EMPLEADOS EN LA ADMINISTRACION - _zYUGOSLAVIA |
|
| 905 | _aLibro | ||
| 999 |
_c5064 _d5064 |
||